000 00486nam a2200193Ia 4500
008 170918s9999 xx 000 0 und d
020 _a9780439709101
050 _bF982 2003
100 _aFunke, Cornelia
245 _aInkheart /
245 _cCornelia Funke ; translated from the German by Anthea Bell.
260 _aNew York :
260 _bScholastic,
260 _c2003
300 _a563 pages :
300 _bcolored illustration ;
300 _c20cm.
500 _a780
999 _c342252
_d342252